000 00884cam a22002897a 4500
003 CHAP
005 20220329135742.0
008 971013s r 00010 d
010 _a41512
011 _a42484
035 _a46613
040 _cCHAP
090 _aMP-9
100 0 0 _aEpling, Carl.
_937236
245 1 4 _aThe Labiatae od the Yucatan Penninsula
500 _a(En : Botany of dthe Maya area : Miscellaneous papers 14-21. 1940. p. 226-245)
590 _aBATCH-UPD
_b10
_c20130109
_lUCH01
_h2338
590 _aBATCH-UPD
_b10
_c20130110
_lUCH01
_h1841
590 _aBATCH-UPD
_b10
_c20130410
_lUCH01
_h1212
590 _aBATCH-UPD
_b10
_c20130914
_lUCH01
_h0732
590 _aCONVERSION
_b10
_c20130109
_lUCH01
_h1323
650 1 4 _aBotánica
_xYucatán.
_914635
650 1 4 _aMentáceas.
_974851
901 _aBK
942 _cMP
949 _aMP-9
_bBC
_cMP
_d-106202
_eMP
_i46613
_si
999 _c41512
_d41512